Security and strength (Record no. 79554)
[ view plain ]
| 000 -LEADER | |
|---|---|
| fixed length control field | 00915cab a22002055a 4500 |
| 001 - CONTROL NUMBER | |
| control field | L141631 |
| 008 - FIXED-LENGTH DATA ELEMENTS--GENERAL INFORMATION | |
| fixed length control field | 071206e20071124xxkd f 000 0 eng d |
| 035 ## - SYSTEM CONTROL NUMBER | |
| System control number | (Sirsi) u141631 |
| 041 0# - LANGUAGE CODE | |
| Language code of text/sound track or separate title | eng |
| 100 1# - MAIN ENTRY--PERSONAL NAME | |
| Personal name | Lowe, David |
| 245 00 - TITLE STATEMENT | |
| Title | Security and strength |
| 260 ## - PUBLICATION, DISTRIBUTION, ETC. | |
| Date of publication, distribution, etc. | 2007 |
| 490 #0 - SERIES STATEMENT | |
| Series statement | Estates Gazette |
| Volume/sequential designation | (0747) 24 November 2007, 160-162(3) |
| 520 ## - SUMMARY, ETC. | |
| Summary, etc. | Reports that duty of care deeds are becoming more common. Discusses what property managers need to know about them and the main legal issues to consider. Considers the form of the deed, what the deed involves. Identifies the challenges for property managers, including the fact that they are typically presented at the eleventh hour as non-negotiable and drafted in favour of the funder. |
| 590 ## - LOCAL NOTE (RLIN) | |
| Local note | KA |
| 651 #4 - SUBJECT ADDED ENTRY--GEOGRAPHIC NAME | |
| Geographic name | United Kingdom |
| Chronological subdivision | |
| 690 ## - LOCAL SUBJECT ADDED ENTRY--TOPICAL TERM (OCLC, RLIN) | |
| Topical term or geographic name as entry element | PROPERTY-COMMERCIAL PROPERTY-COMMERCIAL PROPERTY MANAGEMENT |
| 700 1# - ADDED ENTRY--PERSONAL NAME | |
| Personal name | Tudor,Simone |
| 942 ## - ADDED ENTRY ELEMENTS (KOHA) | |
| Suppress in OPAC | 0 |
| Withdrawn status | Lost status | Source of classification or shelving scheme | Damaged status | Not for loan | Home library | Current library | Shelving location | Date acquired | Total Checkouts | Full call number | Barcode | Date last seen | Copy number | Price effective from | Koha item type |
|---|---|---|---|---|---|---|---|---|---|---|---|---|---|---|---|
| Dewey Decimal Classification | London | London | Journal article | 06/12/2007 | L141631 | 141631-1001 | 06/08/2019 | 1 | 06/08/2019 | Journal article |